Länder mit drei oder mehr Großkatzen-Arten - Statistiken

Allgemein
  • Dieses Quiz wurde 36 mal gespielt
  • Das Durchschnittsergebnis liegt bei 6 aus 8
Antwortstatistiken
Art Art Art Art Art Art Land % Korrekt
Tiger Löwe Leopard Schneeleopard Nebelparder Indien
94%
Tiger Leopard Schneeleopard Nebelparder China
91%
Tiger Leopard Sunda-Nebelparder Indonesien
82%
Tiger Leopard Nebelparder Sunda-Nebelparder Malaysia
73%
Tiger Leopard Schneeleopard Nebelparder Nepal
73%
Tiger Leopard Nebelparder Thailand
67%
Tiger Leopard Nebelparder Myanmar
64%
Tiger Leopard Schneeleopard Nebelparder Bhutan
55%
Keine übereinstimmenden Quizze gefunden
Verteilung der Resultate
Anzahl Personen mit jedem Resultat
Perzentil nach korrekt beantworteten Fragen
Ihre Resultats-Entwicklung
Sie haben dieses Quiz noch nicht gespielt